000 00288nam a2200121Ia 4500
005 20251222155051.0
008 251222s9999||||xx |||||||||||||| ||spa||
082 _aEPI.24.1-3 C
100 _aCARRANZA Raymundo.
245 0 _aContaminación Ambiental
264 _bNo tiene
942 _cLIB
999 _c37287
_d37287